|
|
|
|
| LEADER |
00000nab a2200000 a 4500 |
| 001 |
vtls000897305 |
| 003 |
SK-MaSNL |
| 005 |
20260302174623.0 |
| 008 |
040720e19980409xo 0 slo |
| 035 |
|
|
|a KE6328
|
| 040 |
|
|
|a KEVKJB
|b slo
|c KEVKJB
|e AACR2
|
| 041 |
0 |
|
|a slo
|
| 044 |
|
|
|a xo
|c SK
|
| 080 |
|
|
|a 622.368.22
|2 1981
|
| 100 |
1 |
|
|a Jurkovičová, Klaudia
|4 aut
|9 877349
|
| 245 |
1 |
0 |
|a Košickí baníci si do mája posedia doma
|b Obmedzenie výroby v košickej magnezitke spôsobilo uvedenie nových slinkov na zahraničné trhy, ktoré sú v štádiu testov..
|
| 300 |
|
|
|b 2 foto
|
| 610 |
2 |
7 |
|a Košický magnezit (Košice, Slovensko)
|2 KEVKJB
|9 94853
|
| 610 |
2 |
7 |
|a KOMAG, Košice
|2 KEVKJB
|9 877801
|
| 610 |
2 |
7 |
|a Magnezitové závody (Košice, Slovensko)
|2 KEVKJB
|9 175002
|
| 650 |
0 |
7 |
|a závody magnezitové
|2 KEVKJB
|9 878109
|
| 650 |
0 |
7 |
|a privatizácia
|2 KEVKJB
|9 2343
|
| 650 |
0 |
7 |
|a výroba
|2 KEVKJB
|9 15916
|
| 650 |
0 |
7 |
|a obmedzenie
|2 KEVKJB
|9 863381
|
| 650 |
0 |
7 |
|a príčiny
|2 KEVKJB
|9 276784
|
| 650 |
0 |
7 |
|a reportáže
|2 KEVKJB
|9 75670
|
| 651 |
|
7 |
|a Košice (Slovensko)
|2 KEVKJB
|9 18694
|
| 651 |
|
7 |
|a KE,
|2 KEVKJB
|9 877256
|
| 651 |
|
7 |
|a KE,
|2 KEVKJB
|9 877256
|
| 655 |
|
7 |
|a periodikum
|2 snkbucl
|9 29553
|
| 710 |
2 |
|
|a Košický magnezit (Košice, Slovensko)
|4 aut
|9 94853
|
| 710 |
2 |
|
|a KOMAG, Košice
|4 aut
|9 877801
|
| 773 |
0 |
8 |
|t Korzár
|g Roč. 1, č.50, 9.4.1998, s. 3
|
| 852 |
|
|
|a ZVYKNI
|b KIS3GCP
|
| 999 |
|
|
|c 1404591
|d 1406521
|